Riešenie vybraného logistického problému v konkrétnej spoločnosti diplomová práca

Gespeichert in:
Bibliographische Detailangaben
1. Verfasser: Spiegelhalterová, Petra
Körperschaft: Podnikovohospodárska fakulta EU so sídlom v Košiciach. Katedra marketingu a obchodu
Weitere Verfasser: Gajdoš, Jozef, 1962-2025
Format: Buch
Sprache:Slowakisch
Veröffentlicht: Košice 2009
Tags: Tag hinzufügen
Keine Tags, Fügen Sie das erste Tag hinzu!

MARC

LEADER 00000nam$a2200000$$$4500
001 0099235
005 20240319131823.8
041 0 |a slo 
044 |a SK 
245 1 0 |a Riešenie vybraného logistického problému v konkrétnej spoločnosti  |b diplomová práca  |c Petra Spiegelhalterová ; škol. Jozef Gajdoš 
264 1 |a Košice  |c 2009 
300 |a 94 s. 
100 1 |a Spiegelhalterová, Petra 
700 1 |a Gajdoš, Jozef, 1962-2025 
710 2 |a Podnikovohospodárska fakulta EU so sídlom v Košiciach. Katedra marketingu a obchodu